| 000 | 00859nas a2200277 4500 | ||
|---|---|---|---|
| 001 | BR0802208 | ||
| 003 | BR-BrBNA | ||
| 005 | 20231205111934.0 | ||
| 007 | ta | ||
| 008 | 230509b bl.|||p| |||| 00| 00por d | ||
| 040 |
_aBR-BrBNA _bpor _cBiblioteca Nacional de Agricultura |
||
| 041 | _a(Pt) | ||
| 072 | _aL73 | ||
| 100 | 1 | _aBezerra, E.B. | |
| 100 | 1 | _aFernandes, C.R.M. | |
| 100 | 1 | _aQueroga, M. de F.C. de | |
| 100 | 1 | _aCastro Júnior, F.P. de | |
| 245 | 1 | _aResistência de populações de Aedes aegypti (L.)(Diptera: Culicidae)ao Organofosforado Temefós na Paraíba | |
| 650 | _aMOSQUITO | ||
| 650 | _aDENGUE | ||
| 650 | _aPOPULAÇÃO | ||
| 650 | _aPARAÍBA | ||
| 773 | 0 |
_tNeotropical Entomology (Brazil) _xISSN 1519-566X _g(Mar-Apr 2007), v. 36(2) p. 303-307 _wBR0802208 |
|
| 909 |
_a202311 _bLúcia _c55 _dLúcia Elande |
||
| 942 |
_2AGRIS _n0 _cANA |
||
| 999 |
_c195229 _d195229 |
||